[Event "Damhus-ch B"]
[Site "Rodovre"]
[Date "2011.09.27"]
[Round "4"]
[White "Sorensen, Leif"]
[Black "Helleshoj, Knud Erik"]
[Result "1-0"]
[WhiteElo "1648"]
[BlackElo "1537"]
[PlyCount "59"]
[EventDate "2011.09.06"]
[EventType "tourn"]
[EventRounds "7"]
[EventCountry "DEN"]
[SourceTitle "EXT 2023"]
[Source "ChessBase"]
[SourceDate "2022.10.05"]
[SourceVersion "1"]
[SourceVersionDate "2022.10.05"]
[SourceQuality "1"]

1. c4 e5 2. Nc3 Nc6 3. e3 Nf6 4. d4 exd4 5. exd4 d6 6. h3 Be7 7. Nf3 d5 8. c5 b6 9. Bb5 Bd7 10. Qa4 Nb8 11. c6 Be6 12. Ne5 0-0 13. Be3 a6 14. g4 Ne8 15. f4 Nd6 16. f5 Bh4+ 17. Kd2 Bc8 18. Bd3 Bg5 19. Rae1 Bxe3+ 20. Rxe3 f6 21. Nf3 Nc4+ 22. Bxc4 dxc4 23. Qxc4+ Kh8 24. Rhe1 b5 25. Qc5 g6 26. fxg6 hxg6 27. Nh4 Rg8 28. d5 Qd6 29. Qxd6 cxd6 30. Re8 1-0